| 000 | 00653nam a2200205Ia 4500 | ||
|---|---|---|---|
| 005 | 20250508164724.0 | ||
| 008 | 008 250505s9999 xx 000 0 eng d | ||
| 020 | _a0-335-09550-X | ||
| 037 | _aTextual | ||
| 040 |
_aFEDL _beng _cFEDL |
||
| 041 |
_aeng _2eng |
||
| 084 |
_a370.15, DAN _qFEDL |
||
| 100 | _aDaniels Harry Ed. | ||
| 245 | 0 | _aCharting the agenda: Educational activity after Vygotsky | |
| 260 |
_aLondon, UK _bRoutledge _c1993 |
||
| 300 | _axxix,222p. | ||
| 546 | _aMACESE; Acc. No. 91960 is gifted by H.O.D. Namita Ranganathan memory of Prof. Arvind Gaysu | ||
| 942 |
_cTEXL _h370.15, DAN |
||
| 999 |
_c1390762 _d1390762 |
||